[Event "Budapest FS09 IM-B"]
[Site "Budapest"]
[Date "1998.09.15"]
[Round "11"]
[White "Bergstrom, Rolf"]
[Black "Fang, Joseph"]
[Result "0-1"]
[WhiteElo "2295"]
[BlackElo "2315"]

1.e4 g6 2.d4 Bg7 3.Nc3 c5 4.dxc5 Bxc3+ 5.bxc3 Qa5 6.Nf3 Qxc3+ 7.Bd2 Qxc5
8.Bd3 d6 9.Rb1 Nf6 10.O-O Nbd7 11.Re1 O-O 12.h3 Qc7 13.Bf4 e5 14.Bh6 Re8
15.Ng5 Nc5 16.Qf3 Qe7 17.Bc4 Be6 18.Nxe6 fxe6 19.Rbd1 Nfxe4 20.Bb5 Rf8 21.Bxf8 Rxf8
22.Qe3 d5 23.Bd3 d4 24.Qh6 Nxf2 25.Rd2 Qf6 26.Bc4 Nfe4 27.Rde2 Nd6 28.Rxe5 Nxc4
29.Rxc5 Qf2+ 30.Kh2 Qxe1 31.Rxc4 Qe5+ 32.Kg1 Qe2 33.Rc5 b6 34.Rc6 Rf1+ 35.Kh2 Qe5+  0-1

[Event "Corsican op"]
[Site "Bastia"]
[Date "1998.11.02"]
[Round "4"]
[White "Gorshkova, Irina"]
[Black "Adianto, Utut"]
[Result "0-1"]
[WhiteElo "2095"]
[BlackElo "2610"]

1.e4 g6 2.d4 Bg7 3.Nc3 c5 4.Nf3 Nc6 5.d5 Nd4 6.Be3 Qb6 7.Rb1 d6 8.Bxd4 cxd4
9.Nb5 Bg4 10.Nbxd4 Nf6 11.Bb5+ Kf8 12.Qd3 Nh5 13.O-O Nf4 14.Qc4 a6  0-1

[Event "San Salvador zt"]
[Site "San Salvador"]
[Date "1998.11.06"]
[Round "2"]
[White "Fierro Baquero, Martha Lorena"]
[Black "Sosa Trani, Luis"]
[Result "1/2-1/2"]
[WhiteElo "2240"]
[BlackElo "2225"]

1.e4 g6 2.d4 Bg7 3.Nc3 c5 4.dxc5 Qa5 5.Bd2 Qxc5 6.Nd5 Kf8 7.Nf3 Qc6 8.a4 b6
9.Bb4 Na6 10.Bb5 Qb7 11.Bxa6 Qxa6 12.Nxe7 Nxe7 13.Qd6 Bb7 14.Qxe7+ Kg8 15.Ne5 Bxe5
16.Qxe5 Qc4 17.Bc3 Qxe4+ 18.Qxe4 Bxe4 19.Bxh8 Kxh8 20.O-O Bxc2 21.Rfc1 Be4
22.b4 a5 23.f3 Bc6 24.b5 Bd5 25.Rc7 Rd8 26.Rac1 Kg7 27.Rc8 Rxc8 28.Rxc8 Bb3
29.Rb8 Bxa4 30.Rxb6 Kf8 31.Kf2 Ke7 32.Ke3 Kd8 33.Kd4 Kc7 34.Kc5 d6+ 35.Rxd6 Bxb5
36.Rf6 Be8 37.Ra6 Kd7 38.Rxa5 Ke7 39.Ra6 Bd7 40.Kd5 Bb5 41.Rb6 Bf1 42.g4 Be2
43.Ke4 Kf8 44.g5 Kg7 45.Rb7 Bd1 46.h4 Ba4 47.Rc7 Bb3 48.Ke5 h6 49.Rb7 Ba2
50.gxh6+ Kxh6 51.Kf6 Kh5 52.Rb4 Be6 53.Re4 Bb3 54.Rb4 Be6 55.f4 Ba2 56.f5 gxf5
57.Kxf5 Be6+ 58.Ke5 Bg4 59.Rb8 Be6  1/2-1/2

[Event "San Salvador zt"]
[Site "San Salvador"]
[Date "1998.11.07"]
[Round "3"]
[White "Chavez, Hector Eduardo"]
[Black "Fierro Baquero, Martha Lorena"]
[Result "0-1"]
[WhiteElo "2070"]
[BlackElo "2240"]

1.d4 g6 2.e4 Bg7 3.Nc3 c5 4.d5 d6 5.Nf3 Nf6 6.Bb5+ Nbd7 7.a4 O-O 8.O-O Ne8
9.Re1 Nc7 10.Bf1 a6 11.a5 b5 12.axb6 Nxb6 13.Bg5 f6 14.Bf4 Bd7 15.Qd2 Bb5
16.Bxb5 axb5 17.Rxa8 Qxa8 18.Bh6 Nc4 19.Qc1 Bxh6 20.Qxh6 Nxb2 21.Nh4 Rf7
22.g4 Nc4 23.Nd1 Qa5 24.Re2 Qa1 25.Re1 b4 26.Kg2 Qa4 27.Nf3 Qxc2 28.Ne3 Qxe4
29.Nxc4 Qxg4+ 30.Kf1 Qxc4+  0-1

[Event "Cologne op 47th"]
[Site "Cologne"]
[Date "1998.11.20"]
[Round "8"]
[White "Mueller, Michael"]
[Black "Reinemer, Frank"]
[Result "1/2-1/2"]
[WhiteElo "2315"]
[BlackElo "2265"]

1.e4 g6 2.d4 Bg7 3.Nc3 c5 4.d5 d6 5.Nf3 Nf6 6.Be2 O-O 7.O-O e5 8.Nd2 Ne8
9.Nc4 Nd7 10.a4 a6 11.a5 b5 12.axb6 Nxb6 13.Na5 Nc7 14.b4 cxb4 15.Nc6 Qe8
16.Nxb4 f5 17.Rb1 Na4 18.Nxa4 Qxa4 19.Nc6 a5 20.exf5 Bxf5 21.Ne7+ Kh8 22.Nxf5 gxf5
23.c4 Qxd1 24.Rxd1 Rfb8 25.Ba3 Bf8 26.f3 Na6 27.Bd3 f4 28.Bc2 Nb4 29.Ba4 Na2
30.Bc6 Nc3 31.Rxb8 Rxb8 32.Ra1 Be7 33.Kf1 Rb1+ 34.Rxb1 Nxb1 35.Bc1 Bd8 36.Ke1 Bb6
37.Kd1 Nc3+ 38.Kc2 Ne2 39.Bb2 Kg7 40.Kd2 Nd4 41.Bxd4 Bxd4 42.Kd3 Kf6 43.Ba4 h5
44.Be8 h4 45.h3  1/2-1/2

[Event "Oberliga Sued W9899"]
[Site "Wuertemberg"]
[Date "1998.11.29"]
[Round "3"]
[White "Dueren, Jerome"]
[Black "Eisele, Steffen"]
[Result "1-0"]
[WhiteElo "2170"]
[BlackElo "2150"]

1.e4 g6 2.d4 Bg7 3.Nc3 a6 4.a4 d6 5.h3 Nd7 6.Nf3 e6 7.Bg5 Ne7 8.Qd2 h6 9.Bf4 b6
10.Bc4 Bb7 11.O-O Nf6 12.e5 Nh5 13.exd6 cxd6 14.d5 Nxf4 15.Qxf4 exd5 16.Bb3 O-O
17.Rad1 Rc8 18.Rfe1 g5 19.Qe3 Bxc3 20.bxc3 Nf5 21.Qd3 Qf6 22.Bxd5 Bxd5 23.Qxd5 Rxc3
24.Qe4 Rfc8 25.Rd5 Ng7 26.Red1 Ne8 27.h4 gxh4 28.Rf5 Qe6 29.Qf4 R3c4 30.Nd4 Qg6
31.Qf3 Rc3 32.Qf4 h3 33.g3 R3c5 34.Re1 Rd8 35.Re7 Rxf5 36.Nxf5 Kh7 37.Nh4 Qh5
38.Rxf7+ Ng7 39.Qe4+ Kg8 40.Rxg7+ Kxg7 41.Qe7+ Qf7 42.Qxd8 h2+ 43.Kg2 h1=Q+
44.Kxh1 Qxf2 45.Qe7+ Kg8 46.Qe8+ Kg7 47.Qg6+ Kf8 48.Qf5+ Qxf5 49.Nxf5 d5
50.Kg2 h5 51.Kf3 Kf7 52.Nd6+ Ke6 53.Nc8 b5 54.axb5 axb5 55.Na7 b4 56.Nc6 Kd6
57.Nxb4 Kc5 58.Nd3+  1-0

[Event "BL2-O9899"]
[Site "Germany"]
[Date "1998.12.13"]
[Round "3.6"]
[White "Albrecht, Hans"]
[Black "Sandner, Gunter"]
[Result "0-1"]
[WhiteElo "2265"]
[BlackElo "2345"]

1.e4 g6 2.d4 Bg7 3.Nc3 a6 4.Be3 b5 5.f3 d6 6.Qd2 Nd7 7.d5 Bb7 8.Nge2 Ne5
9.Nd4 c5 10.dxc6 Nxc6 11.Nxc6 Bxc6 12.O-O-O Nf6 13.Kb1 O-O 14.g4 Qc7 15.Bg5 Rfc8
16.Bd3 b4 17.Ne2 d5 18.exd5 Nxd5 19.Qc1 Rab8 20.Be4 Qa5 21.Rd3 b3 22.Rxb3 Rxb3
23.cxb3 Nb4 24.Nc3 Bxe4+ 25.fxe4 Rxc3  0-1

[Event "Carlos Torre op 11th"]
[Site "Merida"]
[Date "1998.12.20"]
[Round "6"]
[White "Sariego, Wilfredo"]
[Black "Amura, Claudia Noemi"]
[Result "0-1"]
[WhiteElo "2385"]
[BlackElo "2350"]

1.e4 g6 2.d4 Bg7 3.Nc3 c5 4.d5 d6 5.Nf3 Nf6 6.Be2 O-O 7.O-O Nbd7 8.Bf4 a6
9.a4 b6 10.h3 Rb8 11.Re1 b5 12.axb5 axb5 13.e5 Nh5 14.Bh2 b4 15.exd6 bxc3
16.dxe7 Qxe7 17.b3 Rb4 18.Ra7 Qf6 19.Rc7 Nf4 20.Bc4 Qf5 21.Re3 Rb7 22.Rc6 Rb6
23.Rc7 g5 24.Kf1 Rh6 25.g4 Qg6 26.Rc6 Bf6 27.h4 Qg7 28.Qe1 Nb8 29.Rxc8 Rxc8
30.Bxf4 gxf4 31.Re8+ Rxe8 32.Qxe8+ Qf8 33.Qxf8+ Kxf8 34.g5 Rh5 35.gxf6 Nd7
36.d6 Nxf6 37.Ke2 Ke8 38.Bb5+ Kf8 39.Bc4 h6 40.Kd3 Ke8 41.Bb5+ Kd8 42.Bc4 Rf5
43.Bxf7 Kd7 44.Bg6 Rd5+ 45.Kxc3 Kxd6 46.Ne1 Rd4 47.Nd3 f3 48.h5 Rh4 49.Kd2 Ng4
50.Be4 Rxh5 51.Bxf3 Rg5 52.b4 cxb4 53.Nxb4 Nxf2 54.Ke3 Ng4+ 55.Kd4 Ne5 56.Be4 h5
57.c4 Nd7 58.Nd3 h4 59.Nf4 Rg4 60.Ke3 h3 61.Nd3 h2 62.Nf2 Rg1  0-1

[Event "AUT-chT2O 9798"]
[Site "Austria"]
[Date "1998.??.16"]
[Round "7"]
[White "Fusi, Christopher"]
[Black "Humer, Wolfgang"]
[Result "1/2-1/2"]
[WhiteElo "2225"]
[BlackElo "2270"]

1.e4 g6 2.d4 Bg7 3.Nc3 c5 4.Be3 cxd4 5.Bxd4 Nf6 6.Nd5 O-O 7.Nxf6+ exf6 8.Qf3 Nc6
9.Bc3 Re8 10.O-O-O Qe7 11.Bd3 Ne5 12.Qg3 Nxd3+ 13.Rxd3 Qxe4 14.Nf3 Qa4 15.Kb1 d5
16.Rxd5 Be6 17.b3 Qc6 18.Rd3 a5 19.Nd4 Qa6 20.Nxe6 Rxe6 21.Rhd1 a4 22.Rd8+ Re8
23.Rxa8 Qxa8 24.Qd6 b5 25.f3 f5 26.Bxg7 Kxg7 27.Qd4+ Kg8 28.h4 h5 29.Qc5 Qb7
30.Kc1 Qb8 31.Rd6 Rc8 32.Qb6 Qa8 33.Qxb5 axb3 34.Qxb3 Kg7 35.Rb6 Qa5 36.Rb5 Qe1+
37.Kb2 Qxh4 38.Rd5 Qf6+ 39.c3 Re8 40.Qc4 Qb6+ 41.Kc2 Kg8 42.a4 Rb8 43.Rb5 Qf2+
44.Kb3 Rf8 45.a5 Qxg2 46.a6 Qg1 47.Kb4 h4 48.Qxh4 Qb1+ 49.Ka5 Qa1+ 50.Qa4 Qxc3+
51.Qb4 Qa1+ 52.Kb6 Ra8 53.Ra5 Qf6+ 54.Kb7 Qd8 55.a7 Qc8+ 56.Kb6 Qe6+ 57.Kb5 Qd7+
58.Kc4 Qe6+  1/2-1/2

[Event "Aarhus Masters op"]
[Site "Aarhus"]
[Date "1998.??.??"]
[Round "7"]
[White "Skytte, Rasmus"]
[Black "Rewitz, Poul"]
[Result "0-1"]
[WhiteElo "2205"]
[BlackElo "2335"]

1.e4 g6 2.d4 Bg7 3.Nc3 d5 4.exd5 Nf6 5.Bc4 Nbd7 6.Bg5 O-O 7.Bb3 Nb6 8.Bxf6 Bxf6
9.Nge2 a5 10.a4 Bg4 11.f3 Bc8 12.O-O c6 13.dxc6 bxc6 14.Re1 Ba6 15.Ne4 Bg7
16.c3 Rb8 17.Nc5 Bc4 18.Bxc4 Nxc4 19.b3 Nd6 20.Qd3 Nf5 21.Rad1 e5 22.Kh1 Qd6
23.Ne4 Qc7 24.dxe5 Bxe5 25.f4 Bg7 26.Nc5 Rbd8 27.Qf3 Rfe8 28.Ng3 Nh4 29.Qf2 Rxe1+
30.Rxe1 Bxc3 31.Rf1 Qe7 32.Nce4 Bd4 33.Qc2 Qe6 34.Nd2 Qd5 35.Nc4 Rb8 36.Rb1 h5
37.h3 Re8 38.Rd1 c5 39.Kh2 Qd8 40.Rf1 Qc7 41.Qd2 Qb8 42.Qc2 Re6 43.Nxa5 Re3
44.Nc6 Qxb3 45.Qxb3 Rxb3 46.Nxd4 cxd4 47.Rf2 Ra3 48.f5 d3 49.fxg6 fxg6 50.Ne4 Rxa4
51.Nc5 Rd4 52.Rd2 Rd5 53.Ne4 Re5 54.Nc3 Re3 55.Kg1 Rxh3 56.gxh3 Nf3+ 57.Kf2 Nxd2
58.Ke3 Nb3 59.Kxd3 Kf7 60.Ke3 Kf6 61.Kf4 g5+ 62.Kg3 Ke5 63.Nd1 Nd4 64.Nf2 Kf5
65.Nd3 Ke4 66.Nc5+ Ke3 67.Nd7 Ne2+ 68.Kh2 Kf3 69.Ne5+ Kf2 70.Nd3+ Ke3 71.Ne5  0-1

[Event "Bad Zwesten op"]
[Site "Bad Zwesten"]
[Date "1998.??.??"]
[Round "7"]
[White "Schmittdiel, Eckhard"]
[Black "Shchekachev, Andrei"]
[Result "1/2-1/2"]
[WhiteElo "2450"]
[BlackElo "2510"]

1.e4 g6 2.d4 Bg7 3.Nc3 a6 4.a4 d6 5.Be3 Nf6 6.f3 O-O 7.Qd2 Nc6 8.Bc4 e5 9.d5 Ne7
10.Nge2 Kh8 11.O-O-O Bd7 12.Qd3 Qe8 13.a5 Nc8 14.g4 Na7 15.Ng3 Nb5 16.Nce2 Ng8
17.h4 f5 18.gxf5 gxf5 19.Nxf5 Bxf5 20.exf5 Nh6 21.Ng3 Nd4 22.Kb1 Nhxf5 23.Nxf5 Nxf5
24.Bd2 Nd4 25.Rdf1 Qh5 26.f4 Rae8 27.fxe5 dxe5 28.Qe4 Nf5 29.Be2 Ng3 30.Bxh5 Nxe4
31.Be1 Rd8 32.c4 Rf4 33.Be2 c6 34.Rxf4 exf4 35.Bf3 cxd5 36.cxd5 Ng3 37.Rg1 Be5
38.Bf2 Kg7 39.Rc1 Kf6 40.Rc4 Nf1 41.Kc2 Nh2 42.Be4 Ng4 43.Bb6 Rd7 44.b3 Ne3+  1/2-1/2

[Event "Stadtcasino op 3rd"]
[Site "Baden"]
[Date "1998.??.??"]
[Round "2"]
[White "Pikula, Dejan"]
[Black "Torricelli, Arnold"]
[Result "1-0"]
[WhiteElo "2440"]
[BlackElo "2095"]

1.e4 g6 2.d4 Bg7 3.Nc3 Nc6 4.Be3 d6 5.Qd2 e5 6.d5 Nd4 7.Nge2 Nxe2 8.Bxe2 Ne7
9.O-O-O Bd7 10.g4 Qc8 11.Rdg1 b5 12.Bxb5 Bxb5 13.Nxb5 a6 14.Na3 Qb7 15.Nc4 O-O
16.h4 Qb5 17.b3 Nc8 18.a4 Qd7 19.h5 Rb8 20.Na5 Rb6 21.Rg3 Na7 22.Nc4 Rfb8
23.Nxb6 cxb6 24.hxg6 fxg6 25.f3 a5 26.Rgh3 b5 27.Qxa5 Nc8 28.Rxh7 bxa4 29.Qxa4 Qf7
30.Qc6  1-0

[Event "Regionalliga NO9899"]
[Site "Bayern"]
[Date "1998.??.??"]
[Round "?"]
[White "Roeder, Gerd"]
[Black "Ponnath, Lorenz"]
[Result "1/2-1/2"]
[WhiteElo "2260"]
[BlackElo "2075"]

1.e4 g6 2.d4 Bg7 3.Nc3 c5 4.d5 d6 5.g3 Bd7 6.a4 Na6 7.Nge2 Nc7 8.Bg2 a6 9.a5 Nb5
10.O-O Nf6 11.h3 O-O 12.Be3 e5 13.Na4 Qe7 14.Nb6 Rad8 15.c3 h6 16.Qc2 Be8
17.b4 Nd7 18.Nxd7 Rxd7 19.bxc5 dxc5 20.g4 Kh7 21.Rfd1 Bf6 22.Kh2 Bg5 23.d6 Nxd6
24.Bxc5 Qe6 25.Qa2 Be7 26.Rd3 Nc8  1/2-1/2

[Event "Oberliga Bayern9798"]
[Site "Bayern"]
[Date "1998.??.??"]
[Round "?"]
[White "Zahn, Wolfgang"]
[Black "Eckstein, Bernd"]
[Result "1-0"]
[WhiteElo "2255"]
[BlackElo "2170"]

1.e4 g6 2.d4 Bg7 3.Nc3 c5 4.Nf3 cxd4 5.Nxd4 Nc6 6.Nde2 Nf6 7.g3 d6 8.Bg2 O-O
9.O-O Be6 10.h3 a5 11.Nd5 Nb4 12.c3 Na6 13.Nd4 Bxd5 14.exd5 Nc5 15.Qe2 a4
16.Bf4 Nfd7 17.Rad1 Re8 18.Bc1 Qc7 19.Kh1 Rac8 20.f4 Na6 21.a3 Qc4 22.Qf3 Nac5
23.Rfe1 Nb3 24.Bf1 Nxd4 25.Rxd4 Qa2 26.Rxa4 Nb6 27.Rb4 Nxd5 28.Rxb7 e6 29.Qd1 Red8
30.Qb3 Qxb3 31.Rxb3 Nf6 32.a4 d5 33.Be3 Ne4 34.Kg2 f5 35.Bb6 Rd6 36.a5 d4
37.c4 Nd2 38.Rb4 Rdc6 39.c5 Ne4 40.Bb5 Rxc5 41.Bxc5 Rxc5 42.a6 Rc7 43.Bc4 Bf8
44.Bxe6+ Kh8 45.Rc4 Nc5 46.Rxd4 Nxa6 47.Rd8 Rc2+ 48.Kf3 Kg7 49.Re2 Rc7 50.Rd7+ Rxd7
51.Bxd7 Nc5 52.Be6 Kf6 53.Bc4 h6 54.b4 Ne4 55.b5 Bc5 56.Bd5  1-0

[Event "Oberliga Bayern9798"]
[Site "Bayern"]
[Date "1998.??.??"]
[Round "?"]
[White "Klundt, Klaus"]
[Black "Eckstein, Bernd"]
[Result "1-0"]
[WhiteElo "2335"]
[BlackElo "2165"]

1.e4 g6 2.d4 Bg7 3.Nc3 c5 4.Nf3 cxd4 5.Nxd4 Nc6 6.Be3 Nf6 7.Bc4 Qa5 8.O-O O-O
9.Bb3 Ng4 10.Qxg4 Nxd4 11.Qd1 Nc6 12.Qd2 d6 13.Bh6 Bd7 14.Rad1 Rac8 15.h3 Be6
16.Bxg7 Kxg7 17.f4 Bxb3 18.axb3 f5 19.Rfe1 fxe4 20.Rxe4 Rf7 21.Qe3 Rcf8 22.b4 Qb6
23.Qxb6 axb6 24.Nd5 b5 25.Nc7 Kg8 26.Ne6 Ra8 27.c3 Ra2 28.Re2 h6 29.g3 Rf6
30.Kg2 Kf7 31.Nc7 Rf5 32.Rf1 g5 33.fxg5 Rxf1 34.Kxf1 hxg5 35.Nxb5 Ne5 36.Nd4 Ra1+
37.Kg2 Rb1 38.Nf3 Nxf3 39.Kxf3 Kf6 40.Kg4 Rd1 41.Rf2+ Kg6 42.Rf5 e5 43.Rxg5+ Kf6
44.Rf5+ Ke6 45.h4 e4 46.Rf8 d5 47.h5 Rd2 48.h6 Rh2 49.Kg5 Ke7 50.Rf1 e3 51.Re1 e2
52.h7 Rxh7 53.Rxe2+ Kd6 54.g4 Rh1 55.Kf6 Rf1+ 56.Kg6  1-0

[Event "Besancon"]
[Site "Besancon"]
[Date "1998.??.??"]
[Round "2"]
[White "Roser, Kevin"]
[Black "Guyot, Philippe"]
[Result "1-0"]
[WhiteElo "2255"]
[BlackElo "2290"]

1.e4 g6 2.d4 Bg7 3.Nc3 c5 4.Nf3 cxd4 5.Nxd4 Nc6 6.Nb3 Nf6 7.Be2 O-O 8.O-O d6
9.Bg5 a5 10.a4 Be6 11.f4 Rc8 12.f5 Bxb3 13.cxb3 Ne5 14.Bf3 Nxf3+ 15.Qxf3 Qb6+
16.Kh1 Qxb3 17.Nd5 Qxf3 18.Nxe7+ Kh8 19.gxf3 Rce8 20.Bxf6 Bxf6 21.Nd5 Be5
22.f6 Re6 23.Rab1 Bxf6 24.b4 axb4 25.Rxb4 Ra8 26.Nc7 Ra7 27.Nxe6 fxe6 28.Rc1 d5
29.exd5 exd5 30.Rc8+ Kg7 31.Rc7+ Kh6 32.Rcxb7 Ra8 33.Rf7 Ra6 34.Rd7 d4 35.Kg2 Rc6
36.Rb2 Kg5 37.Rd5+ Kf4 38.Re2  1-0

[Event "Bischwiller"]
[Site "Bischwiller"]
[Date "1998.??.??"]
[Round "4"]
[White "Treffert, Peter"]
[Black "Galdunts, Sergey"]
[Result "0-1"]
[WhiteElo "2325"]
[BlackElo "2445"]

1.e4 g6 2.d4 Bg7 3.Nc3 a6 4.f4 b5 5.Nf3 Bb7 6.Bd3 d6 7.a4 b4 8.Ne2 Nd7 9.c3 bxc3
10.bxc3 Ngf6 11.e5 Nd5 12.Rb1 Rb8 13.O-O a5 14.Bd2 O-O 15.Ng5 e6 16.Ne4 f5
17.Ng5 Re8 18.c4 Nb4 19.Bxb4 axb4 20.exd6 cxd6 21.Rxb4 h6 22.Qb3 Qc8 23.Rb1 Bxd4+
24.Nxd4 Nc5 25.Qc3 hxg5 26.Nb5 Nxd3 27.Qxd3 Be4 28.Qd4 e5 29.fxe5 dxe5 30.Qd6 Re6
31.Na7 Rxb4 32.Rxb4 Rxd6 33.Nxc8 Rd2 34.a5 Rxg2+ 35.Kf1 Ra2 36.Rb5 Bd3+ 37.Kg1 e4
38.Nb6 e3 39.Re5 Ra1+ 40.Kg2 Be4+  0-1

[Event "Calcutta"]
[Site "Calcutta"]
[Date "1998.??.??"]
[Round "11"]
[White "Konguveel, Ponnuswamy"]
[Black "Adianto, Utut"]
[Result "1-0"]
[WhiteElo "2430"]
[BlackElo "2615"]

1.e4 g6 2.d4 Bg7 3.Nc3 c5 4.d5 d6 5.Nf3 Bg4 6.Be2 Bxf3 7.Bxf3 Nf6 8.O-O O-O
9.Be2 a6 10.a4 e5 11.dxe6 fxe6 12.Bc4 Qe7 13.Bg5 Nc6 14.f4 Rad8 15.Qe1 h6
16.Bh4 g5 17.fxg5 hxg5 18.Bxg5 Ne5 19.Bd3 Rf7 20.Be2 Qc7 21.Qh4 Rdf8 22.Qh3 Nh7
23.Bh4 Rxf1+ 24.Rxf1 Rxf1+ 25.Kxf1 Nf8 26.Bh5 Qd7 27.Qg3 Kh8 28.Qf2 Nh7 29.g4 b5
30.axb5 axb5 31.Bg3 b4 32.Ne2 Qb7 33.Bxe5 Bxe5 34.Nf4 Bd4 35.Qf3 Ng5 36.Ng6+ Kh7
37.Qf4 Nxe4 38.g5 Qa6+ 39.Kg2 Qb7 40.Bf3 d5 41.Nf8+ Kg8 42.Nxe6 Qe7 43.Qf5 Bxb2
44.Qxd5 Nc3 45.Qf5 Qf7 46.Qe5 c4 47.h4 Qg6 48.Kh3 Qf7 49.Kg4 Qd7 50.g6 Qa7
51.Qf6  1-0

[Event "POL-ch sf"]
[Site "Czestochowa"]
[Date "1998.??.??"]
[Round "9"]
[White "Jakubowski, Maciej"]
[Black "Oliwa, Patryk"]
[Result "0-1"]
[WhiteElo "2335"]
[BlackElo "2285"]

1.e4 Nc6 2.Nc3 g6 3.d4 Bg7 4.Be3 d6 5.f3 Nf6 6.Qd2 a6 7.O-O-O e5 8.Nge2 b5
9.g4 h5 10.g5 Nd7 11.f4 exf4 12.Nxf4 O-O 13.Ncd5 Ne7 14.Bh3 Nxd5 15.Nxd5 Nb6
16.Nxb6 cxb6 17.Bg2 Bg4 18.Rde1 Rc8 19.Rhf1 Rc4 20.b3 Rc8 21.Rf2 a5 22.Kb1 b4
23.Bf4 Re8 24.h3 Be6 25.Bf1 Qd7 26.h4 Rc3 27.a4 Rec8 28.Qd1 Bg4 29.Be2 Bxe2
30.Rfxe2 b5 31.axb5 Qxb5 32.Re3 Rxc2 33.Qxc2 Rxc2 34.Kxc2 Bxd4 35.Rd3 a4
36.Rxd4 Qc5+ 37.Rc4 Qf2+ 38.Bd2 axb3+ 39.Kd1 Qf3+ 40.Kc1 Qd3 41.Rc8+ Kh7
42.Bxb4 Qa6 43.Rc7 Qa1+ 44.Kd2 Qd4+ 45.Kc1 Qxb4 46.Rxf7+ Kg8 47.Ref1 Qc3+
48.Kd1 Qd3+ 49.Ke1 Qxe4+ 50.Kd2 Qd5+  0-1

[Event "Sparkasse op"]
[Site "Dortmund"]
[Date "1998.??.??"]
[Round "?"]
[White "Keitlinghaus, Ludger"]
[Black "Siebrecht, Sebastian"]
[Result "1-0"]
[WhiteElo "2500"]
[BlackElo "2365"]

1.e4 g6 2.d4 Bg7 3.Nc3 d5 4.exd5 Nf6 5.Bc4 Nbd7 6.Bg5 Nb6 7.Bxf6 Bxf6 8.Bb3 O-O
9.Nge2 Bg4 10.f3 Bh4+ 11.Ng3 Bf5 12.O-O Bxg3 13.hxg3 Re8 14.g4 Bd7 15.Re1 Rc8
16.Ne4 Bb5 17.Qc1 Nc4 18.a4 Ba6 19.Qh6 Qxd5 20.Rad1 Qc6 21.Kf2 e5 22.g5 Re6
23.d5 Qb6+ 24.Kg3 Nd6 25.Nxd6 Rxd6 26.Rxe5 Rd7 27.d6 cxd6 28.Rh1 dxe5 29.Qxh7+ Kf8
30.Qh8+ Ke7 31.Qxe5+  1-0

[Event "BUL-ch"]
[Site "Dupnica"]
[Date "1998.??.??"]
[Round "7"]
[White "Bratanov, Jivko"]
[Black "Todorov, Todor"]
[Result "0-1"]
[WhiteElo "2300"]
[BlackElo "2405"]

1.e4 g6 2.d4 Bg7 3.Nc3 a6 4.Be3 d6 5.Qd2 Nd7 6.h4 b5 7.h5 Ngf6 8.h6 Bf8 9.f3 e5
10.a4 b4 11.Na2 a5 12.Bb5 Be7 13.Ne2 O-O 14.Bc6 Rb8 15.O-O Ba6 16.Rfd1 exd4
17.Nxd4 Ne5 18.b3 Rb6 19.Bb5 c5 20.Ne2 Bxb5 21.axb5 Rxb5 22.Nf4 c4 23.Nc1 Re8
24.Nce2 g5 25.Nh3 g4 26.Nd4 Rb8 27.Ng5 Rc8 28.Nf5 gxf3 29.gxf3 cxb3 30.cxb3 Nh5
31.Kh1 Bxg5 32.Bxg5 Nxf3 33.Bxd8 Nxd2 34.Rxd2 Rcxd8 35.Nxd6 Kf8 36.Rxa5 Ng3+
37.Kg2 Nxe4 38.Nxe4 Rxd2+ 39.Nxd2 Re2+ 40.Kf1 Rxd2 41.Rb5 Rd4 42.Ke2 Ke7
43.Rb6 Rh4 44.Kd3 Kd7 45.Rf6 Ke8 46.Rb6 Ke7 47.Ra6 Rf4 48.Ra8 Kf6 49.Re8 Rh4
50.Re4 Rh3+ 51.Kc4 Rxh6 52.Kxb4 Kf5 53.Rd4 Rb6+ 54.Kc3 Rb8 55.Rh4 Kg5 56.Rxh7 f5
57.Re7 Kf4 58.Re1 Kg3 59.Rg1+ Kf2 60.Rg7 f4 61.Kd4 Kf3  0-1

[Event "Eger Agria op"]
[Site "Eger Agria"]
[Date "1998.??.??"]
[Round "8"]
[White "Hajnal, Zoltan"]
[Black "Kaposztas, Miklos"]
[Result "1/2-1/2"]
[WhiteElo "2225"]
[BlackElo "2245"]

1.e4 g6 2.d4 Bg7 3.Nc3 c5 4.Nf3 Qa5 5.Be3 Nf6 6.Qd2 Nc6 7.dxc5 Ng4 8.Bc4 Nxe3
9.Qxe3 Nb4 10.Bb3 Na6 11.e5 Nxc5  1/2-1/2

[Event "Genoa op"]
[Site "Genoa"]
[Date "1998.??.??"]
[Round "11"]
[White "Wall, Gavin"]
[Black "Di Paolo, Raffaele"]
[Result "1-0"]
[WhiteElo "2320"]
[BlackElo "2280"]

1.e4 Nc6 2.Nc3 g6 3.d4 Bg7 4.d5 Nb8 5.h4 h5 6.Bg5 d6 7.Qd2 c6 8.Nf3 Bg4 9.dxc6 Nxc6
10.Nd5 Bxf3 11.gxf3 Nd4 12.Qd3 Rc8 13.c3 Ne6 14.Bh3 Rc5 15.Be3 Rc6 16.Bxe6 fxe6
17.Nf4 Qc8 18.e5 dxe5 19.Qxg6+ Kf8 20.Nxh5 Bf6 21.Nxf6  1-0

[Event "NRW-Liga I 9899"]
[Site "GER"]
[Date "1998.??.??"]
[Round "4"]
[White "Waechtler, Frank"]
[Black "Van den Berkmortel, Theo"]
[Result "0-1"]
[WhiteElo "2230"]
[BlackElo "2270"]

1.e4 g6 2.d4 Bg7 3.Nc3 a6 4.Bc4 e6 5.Nf3 Ne7 6.a3 d6 7.O-O Nd7 8.Bf4 b6 9.Qd2 h6
10.h4 Bb7 11.Rfe1 Nf6 12.Rad1 d5 13.exd5 Nfxd5 14.Be5 O-O 15.Bxg7 Kxg7 16.h5 Nf6
17.hxg6 Bxf3 18.gxf3 Nxg6 19.d5 e5 20.Bd3 Qd6 21.Kh1 Qd7 22.Bxg6 Qh3+ 23.Kg1 Rg8
24.Ne4 Nxe4 25.Rxe4 Kxg6 26.Rg4+ Kf6 27.Qe2 h5 28.Rg3 Rxg3+ 29.fxg3 Rg8 30.g4 hxg4
31.f4 exf4 32.Re1 Qg3+ 33.Kf1 f3 34.Qe5+ Qxe5  0-1

[Event "Bundesliga 9798"]
[Site "Germany"]
[Date "1998.??.??"]
[Round "?.6"]
[White "Mirschinka, Dirk"]
[Black "Troyke, Christian"]
[Result "0-1"]
[WhiteElo "2260"]
[BlackElo "2400"]

1.d4 g6 2.e4 Bg7 3.Nc3 d5 4.exd5 Nf6 5.Bc4 O-O 6.Bf4 Nbd7 7.Nb5 Ne8 8.Bb3 a6
9.Na3 b5 10.c4 Nb6 11.cxb5 Nxd5 12.Be5 axb5 13.Nf3 Nef6 14.O-O Ba6 15.Re1 e6
16.Qd2 c6 17.Rac1 Rc8 18.h3 Re8 19.Nc2 Bf8 20.a3 Bb7 21.Qe2 Bh6 22.Rcd1 Nd7
23.Bxd5 cxd5 24.Qxb5 Rxc2 25.Qxb7 Qc8 26.Qb3 Qc6 27.Bg3 f6 28.Nh2 f5 29.Be5 Rc8
30.Nf3 Qc4 31.Qb7 Qc6 32.Qb3 Qc4 33.Qxc4 dxc4 34.Rb1 Nb6 35.Bd6 Re8 36.Bb4 Nd5
37.Bc5 Bg7 38.Rbc1 Rxb2 39.Rxc4 Ra2 40.Rcc1 Nf4 41.Rcd1 Ne2+ 42.Kf1 Nc3 43.Ra1 Rxa1
44.Rxa1 Ne4 45.Bb4 Rd8 46.Rc1 g5 47.Rc4 h5 48.Ne5 Bxe5 49.dxe5 Rd1+ 50.Ke2 Ra1
51.Rc2 Kf7 52.f3 Ng3+ 53.Kd3 f4 54.Rc7+ Kg6 55.Re7 Rd1+ 56.Kc2 Rg1 57.Rxe6+ Kf5
58.Re8 Rxg2+ 59.Kd3 Re2 60.Bc3 Re3+ 61.Kc4 Rxf3 62.Rf8+ Ke6 63.Rf6+ Kd7 64.Bd4 Ne4
65.Ra6 Rf1 66.Kd5 Re1 67.Ra7+ Ke8 68.Bb6 f3 69.Ra8+ Ke7 70.Ra7+ Ke8 71.Ke6 Kf8
72.Rf7+ Ke8 73.Rxf3 g4 74.hxg4 Ng5+ 75.Kf6 Nxf3 76.gxh5 Nxe5 77.Ba5 Nd7+
78.Kg6 Re6+ 79.Kg7 Re5 80.h6 Rg5+ 81.Kh7 Rxa5  0-1

[Event "Capablanca mem Masters II"]
[Site "Havana"]
[Date "1998.??.??"]
[Round "8"]
[White "Elissalt Cardenas, Hector"]
[Black "Arribas, Maritza"]
[Result "1-0"]
[WhiteElo "2405"]
[BlackElo "2305"]

1.d4 g6 2.e4 Bg7 3.Nc3 c5 4.d5 d6 5.Nf3 Nf6 6.Bb5+ Bd7 7.a4 O-O 8.O-O Na6
9.Re1 Nc7 10.Bf1 e5 11.dxe6 Bxe6 12.Bf4 Nfe8 13.Qd2 d5 14.exd5 Nxd5 15.Rad1 Nec7
16.Bg5 Bf6 17.Nxd5 Nxd5 18.Bc4 Nc7 19.Qa5 Qe7 20.Bxf6 Qxf6 21.Qxc7 Bxc4 22.Qxc5 Be6
23.Nd4 Rfc8 24.Qe5 Qxe5 25.Rxe5 Bd7 26.a5 Re8 27.Rde1 Kf8 28.Rxe8+ Bxe8 29.f3 Rc8
30.Kf2 Rc4 31.Re4 Ra4 32.b4 Ra1 33.g4 h6 34.Re5 Rh1 35.Kg2 Rb1 36.c3 b6 37.a6 Rc1
38.Re3 Ra1 39.b5 Rb1 40.c4 Rc1 41.Re4 Rxc4 42.Ne6+ fxe6 43.Rxc4 Bxb5 44.Rc8+ Ke7
45.Rc7+  1-0

[Event "HUN-chT29899"]
[Site "HUN"]
[Date "1998.??.??"]
[Round "?"]
[White "Emodi, Gyula"]
[Black "Adorjan, Andras"]
[Result "0-1"]
[WhiteElo "2415"]
[BlackElo "2490"]

1.e4 g6 2.d4 Bg7 3.Nc3 c5 4.dxc5 Bxc3+ 5.bxc3 Qa5 6.Nf3 Qxc5 7.Qd4 Qxd4 8.cxd4 b6
9.Bb2 Ba6 10.Bd3 d5 11.Bxa6 Nxa6 12.exd5 Nb4 13.O-O Rc8 14.d6 exd6 15.Ba3 Nxc2
16.Rac1 Kd7 17.Bxd6 Kxd6 18.Ne1 Ne7 19.Nxc2 Rc3 20.Ne3 Rhc8 21.Ra1 Ra3 22.Rfe1 Ra4
23.Red1 Nd5 24.Rd2 Rc3 25.Re1 Nb4 26.g3 Rxa2 27.Rxa2 Nxa2 28.Kg2 Rc7 29.Ng4 Nb4
30.Nf6 Rc2 31.Re5 Nd3 32.Ne8+ Kd7 33.Nf6+ Kc6  0-1

[Event "RUS-Cup02"]
[Site "Moscow"]
[Date "1998.??.??"]
[Round "7"]
[White "Konotop, Sergei"]
[Black "Ageichenko, Genadi A"]
[Result "0-1"]
[WhiteElo "2175"]
[BlackElo "2360"]

1.e4 g6 2.d4 Bg7 3.Nc3 c5 4.Nf3 cxd4 5.Nxd4 Nc6 6.Be3 d6 7.Bc4 Nf6 8.f3 Bd7
9.Qd2 Rc8 10.Bb3 h5 11.h4 Ne5 12.O-O-O a6 13.Kb1 b5 14.g4 hxg4 15.f4 b4 16.Nd5 Nc4
17.Nxf6+ Bxf6 18.Bxc4 Rxc4 19.b3 Rc8 20.Qxb4 Qc7 21.Qd2 Qc3 22.Qf2 Rh5 23.Rd3 Qb4
24.Bd2 Qb6 25.Be3 Qb7 26.Ne2 Bc6 27.Ng3 Bxe4 28.Nxh5 gxh5 29.Rhd1 Bxd3 30.Rxd3 Qh1+
31.Bc1 Bxh4 32.Qe2 Qe1 33.Qg2 Qf2  0-1

[Event "HUN-ch op"]
[Site "Pecs"]
[Date "1998.??.??"]
[Round "3"]
[White "Horvath, Adam"]
[Black "Parkanyi, Attila"]
[Result "1/2-1/2"]
[WhiteElo "2425"]
[BlackElo "2390"]

1.e4 g6 2.d4 Bg7 3.Nc3 c5 4.dxc5 Qa5 5.Bd2 Qxc5 6.Nd5 Na6 7.Be3 Qa5+ 8.c3 e6
9.Bd4 f6 10.b4 Qd8 11.Bxa6 bxa6 12.Ne3 Ne7 13.Ne2 d6 14.c4 O-O 15.O-O Bb7
16.Qd3 Nc6 17.Rad1 Qe7 18.Bc3 Rfd8 19.f4 Rac8 20.b5 axb5 21.cxb5 Nb8 22.Ba5 Rd7
23.Bb4 Qe8 24.Bxd6 Rcd8 25.Nc4 Bf8 26.e5 Bd5 27.Nc3 Bxc4 28.Qxc4 Bxd6 29.Rxd6 Rxd6
30.exd6 f5 31.Rd1 Nd7 32.Re1 Kf7 33.Nd5 Rc8 34.Nc7 Nf8 35.a4 Qd7 36.Qc5 Kg8
37.Rd1 g5 38.Qxa7 gxf4 39.Qd4 Ng6 40.a5  1/2-1/2